000 00496nam a2200169Ia 4500
003 GCL
008 140319s9999 xx 000 0 ara d
040 _aGCL /
_cGCL
082 0 4 _a257.1
_bم ف
100 1 _aمصطفى ابو زيد فهمى
245 1 0 _aفن الحكم فى الاسلام /
_cمصطفى ابو زيد فهمى
260 _a[S.N] :
_bدار الفكر العربى ،
_c1993
490 _a
650 0 4 _aالاسلام
650 0 4 _aنظام الحكم
942 _2ddc
_cBK
999 _c31299
_d31299